[Event "SERBIA CHESS OPEN 2021 - MASTERS"]
[Site "Belgrade, Hotel Metropol"]
[Date "2021.07.03"]
[Round "3.79"]
[White "Ojas, Kulkarni"]
[Black "Rozen, Eytan"]
[Result "0-1"]
[WhiteElo "2216"]
[BlackElo "2386"]
[PlyCount "112"]
[EventDate "2021.??.??"]

1. e4 c6 2. d4 d5 3. exd5 cxd5 4. c4 Nf6 5. Nc3 g6 6. Qb3 Bg7 7. cxd5 O-O 8.
Be2 Nbd7 9. Bf3 Nb6 10. Nge2 Bf5 11. Nf4 g5 12. Nh5 Nxh5 13. Bxh5 e5 14. dxe5
Bxe5 15. O-O Qf6 16. Qd1 Rad8 17. Qf3 h6 18. a4 Bg6 19. Qxf6 Bxf6 20. Bxg6 fxg6
21. Be3 Nxd5 22. Nxd5 Rxd5 23. Rad1 Rfd8 24. Rxd5 Rxd5 25. b3 a5 26. Rb1 Kf7
27. Kf1 Ke6 28. Ke2 Bd4 29. Rc1 Rd6 30. Rc4 Bxe3 31. fxe3 Rb6 32. Rc3 Rb4 33.
Kd3 h5 34. Ke2 b6 35. g3 Ke5 36. Kf3 g4+ 37. Ke2 Ke4 38. Rc4+ Rxc4 39. bxc4 g5
40. Kd2 Kf3 41. Kd3 Kg2 42. e4 Kxh2 43. e5 h4 44. e6 hxg3 45. e7 g2 46. e8=Q
g1=Q 47. Qh5+ Kg3 48. Qxg5 Qf1+ 49. Kc3 Qf3+ 50. Kc2 Kg2 51. Kd2 g3 52. Qd5 Kf2
53. Qd4+ Kf1 54. c5 bxc5 55. Qc4+ Kg1 56. Qc1+ Kh2 0-1

[Event "SERBIA CHESS OPEN 2021 - MASTERS"]
[Site "Belgrade, Hotel Metropol"]
[Date "2021.07.03"]
[Round "3.80"]
[White "Arsovic, Zoran"]
[Black "Sharma, Isha"]
[Result "1/2-1/2"]
[WhiteElo "2381"]
[BlackElo "2213"]
[PlyCount "84"]
[EventDate "2021.??.??"]

1. Nf3 Nf6 2. g3 g6 3. Bg2 Bg7 4. O-O O-O 5. d4 d6 6. Re1 Nbd7 7. e4 e5 8. a4
Re8 9. Nc3 c6 10. h3 Qc7 11. Be3 a5 12. b3 Nf8 13. Qd2 exd4 14. Nxd4 Ne6 15.
Rad1 Nxd4 16. Bxd4 Be6 17. f4 d5 18. f5 Bc8 19. e5 Nd7 20. f6 Bf8 21. Qf4 Nc5
22. Qf2 Ne6 23. Kh2 Nxd4 24. Qxd4 Bf5 25. Re2 Qb8 26. Qf4 Qa7 27. g4 Be6 28.
Rd3 Qc5 29. Kh1 Qb4 30. Qd2 Rad8 31. Rd4 Qb6 32. Qf4 Bc8 33. Bf3 Qc5 34. Qd2
Qa3 35. Bg2 b6 36. Nb1 Qb2 37. Nc3 Re6 38. Nd1 Qa3 39. c4 Bc5 40. Qh6 Bf8 41.
Qd2 Bc5 42. Qh6 Bf8 1/2-1/2

[Event "SERBIA CHESS OPEN 2021 - MASTERS"]
[Site "Belgrade, Hotel Metropol"]
[Date "2021.07.03"]
[Round "3.81"]
[White "Rakshitta, Ravi"]
[Black "Todorovic, Goran M"]
[Result "0-1"]
[WhiteElo "2190"]
[BlackElo "2373"]
[PlyCount "65"]
[EventDate "2021.??.??"]

1. e4 c5 2. Nf3 d6 3. d4 Nf6 4. Nc3 cxd4 5. Qxd4 a6 6. Bg5 Nc6 7. Qd2 e6 8. Nd4
Bd7 9. f4 b5 10. a3 h6 11. Bxf6 Qxf6 12. Nxc6 Bxc6 13. Bd3 Qh4+ 14. g3 Qh5 15.
Be2 Qc5 16. Bf3 Be7 17. Qf2 Qxf2+ 18. Kxf2 Rc8 19. Ne2 Bb7 20. c3 e5 21. Nc1
Rc4 22. fxe5 dxe5 23. Nd3 Bd6 24. Rhe1 O-O 25. Bg2 Bc7 26. Kg1 a5 27. Kh1 Re8
28. Rac1 h5 29. b3 Rc6 30. b4 Rd8 31. Nc5 Bc8 32. Bf1 Bg4 33. Bxb5 0-1

[Event "SERBIA CHESS OPEN 2021 - MASTERS"]
[Site "Belgrade, Hotel Metropol"]
[Date "2021.07.03"]
[Round "3.82"]
[White "Vatsal, Singhania"]
[Black "Toncheva, Nadya"]
[Result "1/2-1/2"]
[WhiteElo "2371"]
[BlackElo "2201"]
[PlyCount "74"]
[EventDate "2021.??.??"]

1. e4 c5 2. Nf3 d6 3. d4 cxd4 4. Nxd4 Nf6 5. Nc3 e6 6. Be2 a6 7. O-O Be7 8. f4
O-O 9. Be3 Qc7 10. Kh1 b5 11. Bf3 Bb7 12. e5 dxe5 13. fxe5 Nfd7 14. Bf4 Nc6 15.
Nxc6 Bxc6 16. Qe2 Rac8 17. a3 Nb6 18. Rae1 Nc4 19. Bxc6 Qxc6 20. Qg4 f5 21.
exf6 Bxf6 22. Rxe6 Qd7 23. Rd1 Qf7 24. Nd5 h5 25. Qh3 Rcd8 26. b3 Bg5 27. g3
Nb6 28. Rxb6 Rxd5 29. Rg1 Bxf4 30. gxf4 Rd2 31. Qe6 Qxe6 32. Rxe6 Rxf4 33. Reg6
Rff2 34. Rxg7+ Kf8 35. R7g2 Rxc2 36. Rxf2+ Rxf2 37. Rg6 Rf3 1/2-1/2

[Event "SERBIA CHESS OPEN 2021 - MASTERS"]
[Site "Belgrade, Hotel Metropol"]
[Date "2021.07.03"]
[Round "3.83"]
[White "Trost, Edvin"]
[Black "Lajthajm, Borko"]
[Result "1-0"]
[WhiteElo "2184"]
[BlackElo "2370"]
[PlyCount "89"]
[EventDate "2021.??.??"]

1. d4 Nf6 2. c4 e6 3. Nf3 Bb4+ 4. Bd2 a5 5. g3 c6 6. Bg2 d5 7. Qc2 dxc4 8. Qxc4
Qd5 9. Qc2 Qf5 10. Qc4 Qd5 11. Qc2 Nbd7 12. O-O Qf5 13. Qb3 Qh5 14. Bxb4 axb4
15. Qxb4 Qa5 16. Qxa5 Rxa5 17. Nbd2 Ke7 18. Rfc1 Rd8 19. Nb3 Rb5 20. Nfd2 e5
21. Nc4 exd4 22. Nxd4 Rh5 23. Bf3 Rc5 24. b4 Rg5 25. h4 Rg6 26. b5 Nb8 27. bxc6
Rxd4 28. Nb6 bxc6 29. Nxc8+ Kd8 30. Na7 Rxh4 31. a4 Nfd7 32. Nxc6+ Nxc6 33.
Bxc6 Rb4 34. Ra3 Ne5 35. Bb5 Rd6 36. Re3 f6 37. Rec3 h5 38. Rc8+ Ke7 39. R8c7+
Kf8 40. Rb7 Kg8 41. Rcc7 Rg4 42. a5 h4 43. a6 hxg3 44. a7 Rd1+ 45. Kg2 1-0

[Event "SERBIA CHESS OPEN 2021 - MASTERS"]
[Site "Belgrade, Hotel Metropol"]
[Date "2021.07.03"]
[Round "3.84"]
[White "Damjanovic, Vuk"]
[Black "Jandric, Damjan"]
[Result "1-0"]
[WhiteElo "2369"]
[BlackElo "2202"]
[PlyCount "81"]
[EventDate "2021.??.??"]

1. g3 Nf6 2. Bg2 g6 3. d4 Bg7 4. e4 d6 5. Ne2 O-O 6. O-O e5 7. Nbc3 Bd7 8. d5
c6 9. dxc6 Bxc6 10. b4 a6 11. a4 Qc7 12. Bg5 b6 13. Qd2 Rc8 14. b5 axb5 15.
axb5 Rxa1 16. Rxa1 Bb7 17. Bxf6 Bxf6 18. Bh3 Nd7 19. Ra7 Qb8 20. Rxb7 Qxb7 21.
Qxd6 Rd8 22. Bxd7 Bg7 23. Bc6 Rxd6 24. Bxb7 Rd2 25. Kf1 Bf8 26. Na4 Rxc2 27.
Nxb6 Rb2 28. Bc6 Rb1+ 29. Kg2 Rb2 30. Nc1 Rc2 31. Nb3 Bb4 32. Kf1 Rb2 33. Bd5
Bc3 34. Na4 Rb1+ 35. Ke2 Bb4 36. b6 Re1+ 37. Kd3 Bd6 38. b7 Kf8 39. Nac5 Rf1
40. Ke2 Rh1 41. h4 1-0

[Event "SERBIA CHESS OPEN 2021 - MASTERS"]
[Site "Belgrade, Hotel Metropol"]
[Date "2021.07.03"]
[Round "3.85"]
[White "Souhardo, Basak"]
[Black "Terryn, Ezra"]
[Result "1-0"]
[WhiteElo "2364"]
[BlackElo "2184"]
[PlyCount "63"]
[EventDate "2021.??.??"]

1. e4 c5 2. Nf3 d6 3. d4 cxd4 4. Nxd4 Nf6 5. Nc3 a6 6. Be2 e5 7. Nb3 Be7 8. Be3
Be6 9. Nd5 Nxd5 10. exd5 Bf5 11. Qd2 Nd7 12. O-O Rc8 13. c4 O-O 14. Na5 Qc7 15.
b4 Nb8 16. Rfd1 b6 17. Nb3 Rfd8 18. a4 Nd7 19. a5 b5 20. cxb5 Qc2 21. Nc1 axb5
22. Bxb5 Rb8 23. Bc6 Rxb4 24. a6 Nb8 25. Bb7 Nd7 26. Nd3 Qxd2 27. Bxd2 Rxb7 28.
axb7 Bxd3 29. Ra8 Rb8 30. Rc1 Ba6 31. Rxb8+ Nxb8 32. Rc8+ 1-0

[Event "SERBIA CHESS OPEN 2021 - MASTERS"]
[Site "Belgrade, Hotel Metropol"]
[Date "2021.07.03"]
[Round "3.86"]
[White "Zhukov, Anton"]
[Black "Meissner, Felix"]
[Result "1-0"]
[WhiteElo "2174"]
[BlackElo "2362"]
[PlyCount "49"]
[EventDate "2021.??.??"]

1. d4 g6 2. c4 Bg7 3. e4 d6 4. Nc3 Nc6 5. Be3 e5 6. d5 Nce7 7. g4 f5 8. gxf5
gxf5 9. Qh5+ Ng6 10. exf5 Qh4 11. Qf3 Nf4 12. Nh3 Bxf5 13. Nxf4 exf4 14. Qxf4
Qxf4 15. Bxf4 Ne7 16. O-O-O Ng6 17. Be3 O-O 18. Nb5 Ne5 19. Be2 Bg4 20. Bxg4
Nxg4 21. Bd4 Rf4 22. Rhg1 a6 23. Bxg7 axb5 24. Rd4 Rxa2 25. Kb1 1-0

[Event "SERBIA CHESS OPEN 2021 - MASTERS"]
[Site "Belgrade, Hotel Metropol"]
[Date "2021.07.03"]
[Round "3.89"]
[White "Nurmanova, Alua"]
[Black "Grieve, Harry"]
[Result "1-0"]
[WhiteElo "2093"]
[BlackElo "2351"]
[PlyCount "93"]
[EventDate "2021.??.??"]

1. e4 c6 2. d4 d5 3. e5 Bf5 4. h4 h5 5. Bd3 Bxd3 6. Qxd3 Qa5+ 7. Nd2 e6 8. Ngf3
Nh6 9. O-O Nf5 10. c4 Be7 11. g3 O-O 12. b3 Rd8 13. a3 Qa6 14. Qc3 Nd7 15. Bb2
Rac8 16. c5 b6 17. b4 Rb8 18. Rfc1 Rdc8 19. Rab1 Bd8 20. Ne1 bxc5 21. dxc5 Rb7
22. Nd3 Nf8 23. Nf4 Ng6 24. Nd3 Nh6 25. Nb3 Qa4 26. Nd4 Nf5 27. Nxf5 exf5 28.
Re1 a5 29. Qd2 Rcb8 30. e6 f6 31. Qe2 axb4 32. axb4 Nf8 33. Qxh5 g6 34. Qh6 Rh7
35. Qf4 Qb5 36. Re3 Be7 37. Ra1 Qb7 38. Qd4 Qc8 39. Nf4 g5 40. hxg5 fxg5 41.
Nh5 Nxe6 42. Nf6+ Kf7 43. Qe5 Rh6 44. Ra7 Rxb4 45. Qd6 Rxb2 46. Qxe7+ Kg6 47.
Qf7# 1-0

[Event "SERBIA CHESS OPEN 2021 - MASTERS"]
[Site "Belgrade, Hotel Metropol"]
[Date "2021.07.03"]
[Round "3.90"]
[White "Nestorovic, Dejan"]
[Black "Kanov, Nikola"]
[Result "1-0"]
[WhiteElo "2350"]
[BlackElo "2140"]
[PlyCount "151"]
[EventDate "2021.??.??"]

1. d4 Nf6 2. c4 c5 3. d5 e6 4. Nc3 exd5 5. cxd5 d6 6. Nf3 g6 7. Bg5 h6 8. Bh4
g5 9. Bg3 Nh5 10. e4 Nxg3 11. hxg3 Bg7 12. Nd2 a6 13. a4 Nd7 14. Nc4 Ne5 15.
Ne3 Qf6 16. Be2 Bd7 17. g4 O-O 18. a5 Rab8 19. O-O Rfe8 20. g3 Ng6 21. Nc4 Bb5
22. Nb6 Bxe2 23. Qxe2 Rbd8 24. Kg2 Qe7 25. Rae1 Bd4 26. Qd2 Qf6 27. f3 Kg7 28.
Nd1 Ne5 29. Ne3 Bxe3 30. Rxe3 Nd7 31. Rb3 Nxb6 32. Rxb6 Rd7 33. Qc3 Qxc3 34.
bxc3 f6 35. Kf2 Kg6 36. Rh1 Kg7 37. c4 Ree7 38. Re1 Rf7 39. f4 Kg6 40. Kf3 Kg7
41. Re2 Rf8 42. Ke3 Re8 43. Kd3 Ree7 44. e5 fxe5 45. fxe5 dxe5 46. Rh2 e4+ 47.
Ke3 Rf7 48. Rbxh6 Rde7 49. Rh7+ Kg8 50. Rxf7 Kxf7 51. Rf2+ Kg6 52. Rf8 Rf7 53.
Rg8+ Kf6 54. Kxe4 Re7+ 55. Kd3 Re1 56. Rf8+ Ke7 57. Rb8 Rb1 58. Ke4 Kf6 59.
Rf8+ Ke7 60. Rc8 Kf6 61. Rxc5 Re1+ 62. Kf3 Rf1+ 63. Ke2 Ra1 64. Rc7 Ke5 65.
Rxb7 Rxa5 66. Rg7 Kd4 67. Rc7 Ra2+ 68. Kf3 Ra3+ 69. Kg2 Ra2+ 70. Kh3 Rd2 71. d6
Ke5 72. c5 Ke6 73. Re7+ Kf6 74. Re1 Rd5 75. Rc1 Ke6 76. c6 1-0

[Event "SERBIA CHESS OPEN 2021 - MASTERS"]
[Site "Belgrade, Hotel Metropol"]
[Date "2021.07.03"]
[Round "3.91"]
[White "Stamatiou, Rodolfos"]
[Black "Zlatanovic, Boroljub"]
[Result "1/2-1/2"]
[WhiteElo "2023"]
[BlackElo "2350"]
[PlyCount "130"]
[EventDate "2021.??.??"]

1. e4 g6 2. d4 c6 3. Nc3 d5 4. e5 Bg7 5. f4 h5 6. Nf3 Bg4 7. Bd3 e6 8. Be3 Nh6
9. h3 Bxf3 10. Qxf3 h4 11. O-O Bf8 12. Ne2 Nd7 13. Rfd1 Rc8 14. b3 Ba3 15. c4
Kf8 16. Rab1 a5 17. Nc3 Kg7 18. Bf2 Be7 19. Rbc1 Nf5 20. cxd5 cxd5 21. Nxd5
exd5 22. Qxd5 Nb6 23. Qxb7 Rxc1 24. Rxc1 Nd5 25. Bc4 Ba3 26. Re1 Nxf4 27. Qxf7+
Kh6 28. Qb7 Qg5 29. Qf3 Rf8 30. Qg4 Rd8 31. Re4 Bc1 32. e6 Qxg4 33. hxg4 Nd6
34. Re5 Re8 35. e7 g5 36. Bf1 Bd2 37. a3 Nc8 38. d5 Rxe7 39. Rxe7 Nxe7 40. d6
Nc6 41. Bb5 Nd8 42. Bb6 Nfe6 43. Bc4 Bc3 44. Bxe6 Nxe6 45. d7 Bf6 46. Bxa5 Kg6
47. g3 h3 48. Kh2 Kf7 49. Kxh3 Ke7 50. Kg2 Kxd7 51. Kf3 Nc5 52. b4 Nb3 53. Bb6
Kc6 54. Be3 Kd5 55. a4 Nd4+ 56. Kf2 Nc2 57. Bd2 Kc4 58. b5 Kd3 59. Ba5 Bd4+ 60.
Kf3 Bc5 61. b6 Nd4+ 62. Kg2 Nc6 63. b7 Bd6 64. Bb6 Kc4 65. Be3 Na5 1/2-1/2

[Event "SERBIA CHESS OPEN 2021 - MASTERS"]
[Site "Belgrade, Hotel Metropol"]
[Date "2021.07.03"]
[Round "3.92"]
[White "Dimic, Pavle"]
[Black "Ljepic, Andrej"]
[Result "1-0"]
[WhiteElo "2337"]
[BlackElo "2136"]
[PlyCount "113"]
[EventDate "2021.??.??"]

1. d4 Nf6 2. Nf3 c5 3. d5 d6 4. Nc3 e5 5. e4 a6 6. a4 Be7 7. Be2 Nbd7 8. O-O
O-O 9. Nd2 Ne8 10. a5 Bg5 11. Nc4 Bxc1 12. Qxc1 b5 13. axb6 Nxb6 14. Na5 f5 15.
Nc6 Qc7 16. f4 exf4 17. Qxf4 Nf6 18. exf5 Nfxd5 19. Nxd5 Nxd5 20. Bc4 Qxc6 21.
Rad1 Be6 22. Qe4 Bf7 23. Bxd5 Bxd5 24. Rxd5 Rae8 25. Qc4 Kh8 26. Rfd1 Qb5 27.
Qc3 Qe2 28. Qd3 c4 29. Qxe2 Rxe2 30. R5d2 Rxd2 31. Rxd2 Rxf5 32. Rxd6 h6 33.
Rxa6 Rd5 34. c3 Rd2 35. Rc6 Rxb2 36. Rxc4 Kh7 37. Rc6 Rc2 38. h4 h5 39. Kh2 Kg8
40. Kg3 Kf7 41. Kf3 Rc1 42. Rc5 Kf6 43. Ke3 g6 44. g3 Rg1 45. Rg5 Rd1 46. c4
Rd7 47. Ke4 Rd1 48. c5 Rd2 49. c6 Rc2 50. Kd5 Rd2+ 51. Kc5 Rc2+ 52. Kd6 Rd2+
53. Rd5 Re2 54. c7 Re6+ 55. Kc5 Re1 56. Kb6 Rc1 57. Rc5 1-0

[Event "SERBIA CHESS OPEN 2021 - MASTERS"]
[Site "Belgrade, Hotel Metropol"]
[Date "2021.07.03"]
[Round "3.93"]
[White "Abramovic, Bosko"]
[Black "Srdanovic, Jovana"]
[Result "1-0"]
[WhiteElo "2334"]
[BlackElo "2126"]
[PlyCount "129"]
[EventDate "2021.??.??"]

1. Nf3 d5 2. g3 c6 3. Bg2 Nf6 4. d3 Bg4 5. Nbd2 e6 6. O-O Be7 7. e4 a5 8. h3
Bh5 9. Qe1 Na6 10. a3 O-O 11. b3 Nd7 12. Bb2 Bf6 13. e5 Be7 14. Nh2 a4 15. b4
Qb6 16. c4 Bg6 17. Qe2 Rfd8 18. d4 dxc4 19. Nxc4 Qb5 20. Rae1 Nb6 21. Nxb6 Bd3
22. Qe3 Bxf1 23. Nxa8 Bxg2 24. Kxg2 Rxa8 25. f4 Qd5+ 26. Qf3 Rd8 27. Qxd5 Rxd5
28. Kf2 Nc7 29. Ng4 Rd7 30. Ne3 Nd5 31. Nc4 h5 32. Kf3 Bd8 33. g4 hxg4+ 34.
hxg4 Nb6 35. Nxb6 Bxb6 36. f5 Rd5 37. Ke4 Ba7 38. Rf1 Bb6 39. Rd1 Bc7 40. Rd3
Kf8 41. Rh3 Kg8 42. Bc1 Bb6 43. Be3 Bd8 44. Rh1 Rd7 45. Rb1 Rd5 46. Rf1 Be7 47.
f6 Bf8 48. g5 g6 49. Rb1 Kh7 50. Kd3 Rb5 51. Kc4 Kg8 52. Kd3 Kh7 53. Rc1 Kg8
54. Rc4 Kh7 55. Ke4 Kh8 56. Kf3 Kh7 57. d5 Rxd5 58. Ke4 Kg8 59. Bb6 Rb5 60. Bd8
Rd5 61. Be7 Rd7 62. Rd4 Rd5 63. Rd3 b6 64. Rd4 c5 65. bxc5 1-0

[Event "SERBIA CHESS OPEN 2021 - MASTERS"]
[Site "Belgrade, Hotel Metropol"]
[Date "2021.07.03"]
[Round "3.94"]
[White "Khachatryan, Anna"]
[Black "Samadov, Read"]
[Result "0-1"]
[WhiteElo "1966"]
[BlackElo "2332"]
[PlyCount "84"]
[EventDate "2021.??.??"]

1. e4 c5 2. Nc3 Nc6 3. Bb5 Nd4 4. Bc4 e6 5. Nge2 Nf6 6. O-O a6 7. a4 d5 8. exd5
exd5 9. Ba2 Bd6 10. d3 Ne6 11. Ng3 Bxg3 12. fxg3 O-O 13. h3 b6 14. Qe1 Bb7 15.
Qf2 d4 16. Ne2 Bd5 17. g4 Bxa2 18. Rxa2 Nd5 19. Bd2 Qd7 20. Ng3 Rae8 21. Nf5 f6
22. Raa1 g6 23. Ng3 Ng7 24. a5 b5 25. Ne4 Qc6 26. b4 cxb4 27. Qxd4 f5 28. Ng3
Ne6 29. Qb2 Qc5+ 30. Kh1 Qd4 31. Qxd4 Nxd4 32. Bh6 Rf7 33. Rae1 Rxe1 34. Rxe1
Re7 35. Rf1 f4 36. Bxf4 Nxf4 37. Rxf4 Nxc2 38. Ne4 b3 39. Rf1 Na3 40. Rf2 Rxe4
41. dxe4 Nc4 42. Rf3 Nd2 0-1

[Event "SERBIA CHESS OPEN 2021 - MASTERS"]
[Site "Belgrade, Hotel Metropol"]
[Date "2021.07.03"]
[Round "3.95"]
[White "Irizanin, Radoje"]
[Black "Tomic, Stjepan"]
[Result "1/2-1/2"]
[WhiteElo "2330"]
[BlackElo "1928"]
[PlyCount "36"]
[EventDate "2021.??.??"]

1. d4 d5 2. Bf4 c5 3. e3 cxd4 4. exd4 Nc6 5. c3 Bf5 6. Nd2 e6 7. Ngf3 Bd6 8.
Bg3 Nf6 9. Be2 h6 10. O-O O-O 11. Re1 a6 12. Ne5 Rc8 13. a4 Nxd4 14. cxd4 Bc2
15. Qc1 Bf5 16. Qd1 Bc2 17. Qc1 Bf5 18. Qd1 Bc2 1/2-1/2

[Event "SERBIA CHESS OPEN 2021 - MASTERS"]
[Site "Belgrade, Hotel Metropol"]
[Date "2021.07.03"]
[Round "3.96"]
[White "Rutten, Alexander"]
[Black "Bukal, Vladimir Jr"]
[Result "1/2-1/2"]
[WhiteElo "2082"]
[BlackElo "2399"]
[PlyCount "59"]
[EventDate "2021.??.??"]

1. e4 e6 2. d4 d5 3. e5 c5 4. c3 Nc6 5. Nf3 Nh6 6. Bxh6 gxh6 7. Bb5 Qb6 8. Qe2
Bd7 9. dxc5 Qxc5 10. O-O Bg7 11. b4 Qb6 12. a4 a5 13. Na3 O-O 14. Rfd1 Qc7 15.
Bxc6 bxc6 16. Nc2 f6 17. Re1 axb4 18. cxb4 fxe5 19. Nxe5 Rf5 20. Nxd7 Bxa1 21.
Qxe6+ Rf7 22. Rxa1 Qxd7 23. Qxh6 Qf5 24. Qd2 Qf4 25. Qe2 Kf8 26. g3 Qf6 27. a5
Qb2 28. Qd3 d4 29. Re1 Rd8 30. Re6 1/2-1/2

[Event "SERBIA CHESS OPEN 2021 - MASTERS"]
[Site "Belgrade, Hotel Metropol"]
[Date "2021.07.03"]
[Round "3.97"]
[White "Maerevoet, Sim"]
[Black "Aleksic, Neven"]
[Result "1-0"]
[WhiteElo "2384"]
[BlackElo "2213"]
[PlyCount "61"]
[EventDate "2021.??.??"]

1. d4 Nf6 2. c4 e6 3. Nf3 d5 4. Nc3 Be7 5. Bf4 O-O 6. e3 b6 7. Bd3 Bb7 8. cxd5
exd5 9. Ne5 c5 10. Qf3 Nc6 11. O-O cxd4 12. Nxc6 Bxc6 13. exd4 Re8 14. Nb5 Rf8
15. Rfc1 Qd7 16. Nc7 Rad8 17. Rc2 Ne4 18. Rac1 Bb7 19. Nb5 Ba6 20. Rc7 Qe6 21.
Rxa7 Bxb5 22. Bxb5 Bf6 23. Rc6 Bxd4 24. Rxe6 fxe6 25. Qg4 Bxf2+ 26. Kh1 Bd4 27.
Qxe6+ Kh8 28. g3 Bxb2 29. Be5 Bxe5 30. Qxe5 Nf6 31. Qg5 1-0

[Event "SERBIA CHESS OPEN 2021 - MASTERS"]
[Site "Belgrade, Hotel Metropol"]
[Date "2021.07.03"]
[Round "3.98"]
[White "Shpanko, Nadiia"]
[Black "Ramoutar, Alan-Safar"]
[Result "0-1"]
[WhiteElo "2203"]
[BlackElo "2344"]
[PlyCount "62"]
[EventDate "2021.??.??"]

1. Nf3 d5 2. e3 Nf6 3. b3 e6 4. Bb2 Be7 5. Be2 O-O 6. O-O b6 7. Ne5 Nfd7 8. f4
Nxe5 9. fxe5 c5 10. Bh5 Nc6 11. d4 Ba6 12. Rf3 f6 13. exf6 Bxf6 14. Bg4 Qe7 15.
Bc3 Rad8 16. Bb2 e5 17. dxc5 e4 18. Rxf6 gxf6 19. cxb6 axb6 20. Ba3 Qe5 21.
Bxf8 Qxa1 22. Bh6 Kh8 23. Be6 Ne5 24. Bf5 Bc8 25. Bxe4 Nf7 26. Bxh7 Nxh6 27.
Bd3 Qe5 28. Qd2 Ng4 29. g3 Qxe3+ 30. Qxe3 Nxe3 31. Nc3 Bf5 0-1

[Event "SERBIA CHESS OPEN 2021 - MASTERS"]
[Site "Belgrade, Hotel Metropol"]
[Date "2021.07.03"]
[Round "3.99"]
[White "Mijatovic, Dusan"]
[Black "Zakic, Srdjan"]
[Result "1-0"]
[WhiteElo "2202"]
[BlackElo "2324"]
[PlyCount "67"]
[EventDate "2021.??.??"]

1. e4 c5 2. Nf3 Nc6 3. Bb5 g6 4. Bxc6 bxc6 5. O-O Bg7 6. Re1 Rb8 7. e5 f6 8. d4
cxd4 9. Bf4 Rxb2 10. Qxd4 Qb6 11. Qd2 Qb4 12. Nc3 Rxc2 13. Qxc2 Qxf4 14. Nd5
Qf5 15. Qc5 fxe5 16. Nc7+ Kf7 17. Nxe5+ Bxe5 18. Rxe5 Qf4 19. Rae1 d6 20. Qxc6
dxe5 21. Qe8+ Kg7 22. Qxc8 Qf5 23. Ne6+ Kf7 24. Nd8+ Kg7 25. Qc7 Kf6 26. Qc6+
Kg7 27. Qc5 e4 28. Qxa7 Qd5 29. Qc7 Qd2 30. Qe5+ Nf6 31. Qxe7+ Kh6 32. Nf7+ Kh5
33. Qe5+ g5 34. Rf1 1-0

[Event "SERBIA CHESS OPEN 2021 - MASTERS"]
[Site "Belgrade, Hotel Metropol"]
[Date "2021.07.03"]
[Round "3.100"]
[White "Pavlov, Mark"]
[Black "Silich, Yahor"]
[Result "0-1"]
[WhiteElo "2195"]
[BlackElo "2319"]
[PlyCount "118"]
[EventDate "2021.??.??"]

1. d4 Nf6 2. Nf3 g6 3. Bg5 Bg7 4. c3 d6 5. Nbd2 O-O 6. e4 h6 7. Bh4 c5 8. dxc5
dxc5 9. Be2 Nc6 10. O-O b6 11. Qc2 Nh5 12. Rfe1 Qc7 13. Nc4 g5 14. Bg3 Nxg3 15.
hxg3 Bb7 16. a4 Rfd8 17. a5 Nxa5 18. Nxa5 bxa5 19. Nd2 Rab8 20. Nc4 Ba6 21. Ne3
Bc8 22. Nd5 Qb7 23. Rxa5 Qxb2 24. Qxb2 Rxb2 25. Rxc5 Kf8 26. Bf1 Bb7 27. Ra1 e6
28. Ne3 Bxe4 29. Rxa7 Rb1 30. Kh2 Bg6 31. Rac7 Rc1 32. Bb5 Bf6 33. Rc8 Kg7 34.
Rxd8 Bxd8 35. Rc8 Bb6 36. c4 h5 37. Rc6 Ba7 38. Rc7 Bd4 39. Rd7 e5 40. g4 hxg4
41. Rc7 Bxe3 42. fxe3 Be4 43. c5 Rc2 44. Bf1 Rf2 45. Kg1 g3 46. Rc8 Rc2 47. c6
Rc1 48. Rd8 Rxc6 49. Rd1 Rc2 50. Re1 f5 51. Kh1 Kf6 52. Kg1 Rb2 53. Kh1 Bb7 54.
Kg1 f4 55. e4 g4 56. Be2 Kg5 57. Bf1 Rf2 58. Kh1 f3 59. gxf3 gxf3 0-1

[Event "SERBIA CHESS OPEN 2021 - MASTERS"]
[Site "Belgrade, Hotel Metropol"]
[Date "2021.07.03"]
[Round "3.101"]
[White "Bodiroga, Predrag"]
[Black "Karaoglan, Kivanc"]
[Result "1-0"]
[WhiteElo "2316"]
[BlackElo "2192"]
[PlyCount "57"]
[EventDate "2021.??.??"]

1. d4 Nf6 2. c4 e6 3. Nc3 Bb4 4. Nf3 b6 5. Qc2 Bb7 6. a3 Bxc3+ 7. Qxc3 O-O 8.
e3 d6 9. b3 Nbd7 10. Bb2 Qe7 11. Be2 Ne4 12. Qc2 f5 13. O-O g5 14. d5 e5 15.
Ne1 Bc8 16. f3 Nec5 17. b4 Nb7 18. f4 Nd8 19. Nf3 g4 20. Nd2 Nf6 21. fxe5 dxe5
22. Rxf5 Bxf5 23. Qxf5 Nf7 24. Bxg4 Rae8 25. Bh3 Nd6 26. Qg5+ Kh8 27. Be6 Nxd5
28. Qxe7 Rxe7 29. cxd5 1-0

[Event "SERBIA CHESS OPEN 2021 - MASTERS"]
[Site "Belgrade, Hotel Metropol"]
[Date "2021.07.03"]
[Round "3.102"]
[White "Ozdemir, Serhan Berat"]
[Black "Barseghyan, Armen Ar"]
[Result "0-1"]
[WhiteElo "2191"]
[BlackElo "2316"]
[PlyCount "148"]
[EventDate "2021.??.??"]

1. e4 c5 2. Nf3 Nc6 3. Bb5 g6 4. Bxc6 bxc6 5. d4 cxd4 6. Qxd4 f6 7. c4 d6 8.
O-O c5 9. Qd3 Nh6 10. Nc3 Bg7 11. a3 Rb8 12. Rb1 O-O 13. b4 cxb4 14. axb4 Nf7
15. Be3 a6 16. h3 f5 17. Nd4 Ne5 18. Qe2 f4 19. Bd2 f3 20. gxf3 Qd7 21. Nd5
Qxh3 22. Rb3 Qh4 23. f4 e6 24. Rg3 exd5 25. fxe5 Bxe5 26. Nf3 Rxf3 27. Qxf3
dxe4 28. Qe3 Bg4 29. Qxe4 Bxg3 30. Qd5+ Kg7 31. Bc3+ Kh6 32. Bd2+ Kg7 33. Bc3+
Kh6 34. Bd2+ g5 35. fxg3 Qxg3+ 36. Kh1 Qh3+ 37. Kg1 Qg3+ 38. Kh1 Bh5 39. Rf6+
Bg6 40. Qxd6 Qxd6 41. Rxd6 Kh5 42. Kh2 Rf8 43. Rd4 Rf6 44. c5 Be8 45. Kg3 Bc6
46. Rd6 Rxd6 47. cxd6 Kg6 48. Kh3 Kf5 49. Kg3 h6 50. Bc3 Bd7 51. Bg7 h5 52. Bc3
h4+ 53. Kh3 Kf4+ 54. Kg2 Bc6+ 55. Kh3 Kf3 56. Bf6 Bd7+ 57. Kh2 Kf4 58. Kg2 Bb5
59. Kh3 Be8 60. Kg2 Bd7 61. Kh2 Kf5 62. Bc3 g4 63. Be1 g3+ 64. Bxg3 hxg3+ 65.
Kxg3 Ke4 66. Kf2 Kd3 67. Ke1 Kc2 68. Ke2 Bg4+ 69. Ke3 Kc3 70. Kf4 Bd7 71. Ke3
Bb5 72. Ke4 Kxb4 73. d7 Bxd7 74. Kd3 Kb3 0-1

[Event "SERBIA CHESS OPEN 2021 - MASTERS"]
[Site "Belgrade, Hotel Metropol"]
[Date "2021.07.03"]
[Round "3.88"]
[White "Gasimov, Parviz"]
[Black "Petrovic, Aleksa"]
[Result "1-0"]
[WhiteElo "2353"]
[BlackElo "2142"]
[PlyCount "87"]
[EventDate "2021.??.??"]

1. e4 c5 2. Nf3 d6 3. d4 cxd4 4. Nxd4 Nf6 5. Nc3 Nc6 6. f3 a6 7. Be3 Nxd4 8.
Qxd4 e5 9. Qd2 Be6 10. O-O-O h5 11. Nd5 Bxd5 12. exd5 g6 13. Qb4 Qc7 14. Kb1
Bg7 15. Be2 O-O 16. g4 Rfc8 17. c4 hxg4 18. fxg4 b5 19. g5 Nh5 20. Rc1 Qd7 21.
cxb5 Qf5+ 22. Ka1 axb5 23. Rxc8+ Qxc8 24. Bxb5 Nf4 25. Qxd6 Qh3 26. Bc6 Qxe3
27. Bxa8 e4 28. Rb1 Nd3 29. Qb8+ Kh7 30. a3 Qd2 31. d6 e3 32. d7 Nxb2 33. Rxb2
e2 34. d8=Q Bxb2+ 35. Ka2 Bd4+ 36. Kb3 Qc3+ 37. Ka4 Qc4+ 38. Qb4 Qxb4+ 39. axb4
Bc3 40. Qe7 e1=Q 41. Qxf7+ Bg7 42. Bd5 Qd1+ 43. Ka5 Qa1+ 44. Kb5 1-0